00923 2200313 4500001002100000005001500021035002000036007000300056040001700059100004200076245010200118250001200220300003500232504002500267041000800292082000800300084001400308090001900322264004400341336002100385337003000406338002300436650001900459700004800478850001000526008004100536990001600577990001600593INLIS00000000000633920260418105153 a0010-0322000583ta aSBPUPADbInd0 aR.Achmad S.Soema di PradjaePengarang1 aSistim Pemasyarakatan Di indonesia /cR.Achmad S.Soema di Pradja;Pengarang ke-2,Romli Atmasasmita a.-Cet 1 aix,104 hal. :bIllus. ;c21 cm abibliografi, hlm 1030 aInd a365 a365 ACH s a365 ACH s 7-10 a.--Bandung :bPercetakan Ekonomi,c1979 2rdacontentaTeks 2rdamediaaTanpa Perantara 2rdacarrieravolume 4aPemasyarakatan0 aPengarang ke-2,Romli AtmasasmitaePengarang aPUPAD260418 0  a00000016273 a00000016274